| 000 | 00720nam a22002417a 4500 | ||
|---|---|---|---|
| 003 | CHAP | ||
| 005 | 20220329134050.0 | ||
| 008 | 971013s r 00010 d | ||
| 010 | _a14883 | ||
| 011 | _a15855 | ||
| 035 | _a19932 | ||
| 040 | _cCHAP | ||
| 090 | _aR-8 | ||
| 100 | 0 | 0 |
_aBensa, Stefano. _911673 |
| 245 | _aMiglioramiento della Strelitzia reginae per selezione di forme ottenute da seme | ||
| 500 | _aSobretiro de : Annali della Sperimentazione Agraria. n.s. 6 : 32-52, 1952 | ||
| 590 |
_aBATCH-UPD _b10 _c20130110 _lUCH01 _h1004 |
||
| 590 |
_aCONVERSION _b10 _c20130109 _lUCH01 _h1309 |
||
| 650 | 1 | 4 |
_aStrelitzia. _9109984 |
| 901 | _aBK | ||
| 942 | _cREIMP | ||
| 949 |
_aR-8 _bBC _cR _d-46428 _eTS1 _i19932 _si |
||
| 999 |
_c14883 _d14883 |
||